Science Quiz

Random Science or Biology Quiz

Animal Species - Odd One Out Quiz Stats

 Plays Quiz Updated Jun 20, 2017

Support Sporcle.
Go Orange.
Score 0/20 Timer 05:00
1 Play Today
Question Answer Wrong Answers
Dog Abyssinian
88.3%
Beagle
1%
Rottweiler
0.7%
Husky
1.3%
Squirrel Swimming
87.6%
Red
1.1%
Gray
1.3%
Flying
1.4%
Shark Bear
84.4%
Tiger
0.9%
Bull
2%
Whale
4.1%
Ant Sailor
78.9%
Carpenter
4.9%
Leafcutter
5.8%
Fire
1.8%
Penguin Princess
78.2%
Emperor
1.1%
King
4.2%
Royal
8%
Bear Rusty
77.1%
Brown
0.7%
Polar
0.9%
Spectacled
12.9%
Cat Cambodian
71.1%
Burmese
7.6%
Himalayan
11.4%
Siamese
1.2%
Monkey Gorilla
68.3%
Macaque
7.8%
Capuchin
6.9%
Howler
8.4%
Turtle Sharpfin
62.8%
Leatherback
3.6%
Hawksbill
18.1%
Loggerhead
6.7%
Bat Dracula
62.7%
Pipistrelle
13.3%
Natterer's
11.4%
Egyptian Fruit
3.9%
Deer Orange
61.1%
Muntjac
11.8%
Sika
8.2%
Sambar
10.3%
Tuna Lightwing
60.6%
Skipjack
17.5%
Bluefin
2.5%
Longtail
10.7%
Eagle Swift
60%
Bald
1.1%
Golden
2.1%
Harpy
28.1%
Dolphin Dugong
54.5%
Bottlenose
1.5%
Risso's
23.7%
Spinner
11.6%
Spider Shed
47.8%
House
4.8%
Garden
4%
Hobo
34.8%
Frog Violet Pointed
40.1%
Poison Dart
3.6%
White's Tree
20.4%
Goliath
27.2%
Duck Greylag
37.8%
Mallard
2.7%
Mandarin
17.8%
Whistling
33.1%
Salamander Great Crested
37.7%
Tiger
27.4%
Spotted
5.5%
Fire
20.8%
Butterfly Atlas
36.9%
Tortoiseshell
44.6%
Monarch
1.8%
Painted Lady
8%
Gull Giant
22%
Herring
16.5%
Laughing
25.3%
Little
27.4%

You're not logged in!

Compare scores with friends on all Sporcle quizzes.
OR
Log In
Forgot?

From the Vault

NBA Teams Without 'NBA'

by MitchellGoosen

Well, that doesn't sound like much of a basketball league.
Remove Ads.
Support Sporcle.
Get the best of Sporcle when you Go Orange. This ad-free experience offers more features, more stats, and more fun while also helping to support Sporcle. Thank you for becoming a member.

Show Comments

Extras

Top Quizzes Today


Score Distribution

Your Account Isn't Verified!

In order to create a playlist on Sporcle, you need to verify the email address you used during registration. Go to your Sporcle Settings to finish the process.

Report this User

Report this user for behavior that violates our Community Guidelines.

Details: